[Event "PRO League Group Stage"]
[Site "chess.com INT"]
[Date "2020.01.23"]
[Round "3"]
[White "Fridman, Daniel"]
[Black "Wang, Yue"]
[Result "1-0"]
[WhiteTitle "GM"]
[BlackTitle "GM"]
[WhiteElo "2622"]
[BlackElo "2669"]
[WhiteTeam "Israel Counsellors"]
[BlackTeam "China Pandas"]
[WhiteFideId "11600454"]
[BlackFideId "8601429"]
[EventDate "2020.01.06"]

1. d4 d5 2. Nf3 Nf6 3. c4 e6 4. g3 dxc4 5. Bg2 c6 6. a4 Bb4+ 7. Bd2 Qe7 8. Na3
Ne4 9. Nxc4 Nxd2 10. Nfxd2 Nd7 11. O-O e5 12. Ne4 O-O 13. d5 Rd8 14. dxc6 bxc6
15. Qc2 Ba6 16. Rfd1 Nf6 17. Nxf6+ Qxf6 18. b3 Qe6 19. Nb2 g6 20. Nd3 Bxd3 21.
Rxd3 Rxd3 22. Qxd3 a5 23. Rc1 Rc8 24. Rc4 Qe7 25. Bxc6 Qd6 26. Qf3 Qe7 27. Kg2
Kg7 28. h4 h5 29. Rc1 Qf6 30. Qe4 Qd6 31. Rc4 Rc7 32. Qf3 Qf6 33. Qd5 Be1 34.
Qf3 Qxf3+ 35. Kxf3 Kf6 36. Ke3 Ke7 37. Rc1 Bb4 38. Rc4 f5 39. Kf3 Be1 40. e4 Bb4
41. Ke3 Kd6 42. Be8 Bc5+ 43. Ke2 fxe4 44. Bxg6 e3 45. fxe3 Rg7 46. Bxh5 Rxg3 47.
Bf3 Rh3 48. Kf2 Rh2+ 49. Bg2 Bxe3+ 50. Kg3 Bf4+ 51. Rxf4 Rxg2+ 52. Kxg2 exf4 53.
Kf3 1-0

[Event "PRO League Group Stage"]
[Site "chess.com INT"]
[Date "2020.01.23"]
[Round "3"]
[White "Zhao, Jun"]
[Black "Rodshtein, Maxim"]
[Result "1-0"]
[WhiteTitle "GM"]
[BlackTitle "GM"]
[WhiteElo "2638"]
[BlackElo "2628"]
[WhiteTeam "China Pandas"]
[BlackTeam "Israel Counsellors"]
[WhiteFideId "8602522"]
[BlackFideId "2806851"]
[EventDate "2020.01.06"]

1. c4 c5 2. Nc3 Nc6 3. g3 g6 4. Bg2 Bg7 5. d3 d6 6. Nf3 e6 7. Bd2 Nge7 8. Qc1 h6
9. O-O b6 10. Rb1 Bb7 11. a3 Qd7 12. b4 Nd4 13. Nxd4 cxd4 14. Bxb7 Qxb7 15. Ne4
Qc7 16. c5 dxc5 17. bxc5 bxc5 18. Rb7 Qc6 19. Qxc5 Qxc5 20. Nxc5 Nd5 21. e4 dxe3
22. fxe3 O-O 23. d4 a5 24. a4 g5 25. Kf2 Rfc8 26. Ke2 Rc7 27. Rxc7 Nxc7 28. Rb1
Bf8 29. Rb7 Bd6 30. Ne4 Ne8 31. Kd3 Bc7 32. Nc3 Bd8 33. Nb5 Kg7 34. e4 Kg6 35.
d5 exd5 36. exd5 Nf6 37. d6 Ng4 38. Nc7 Rc8 39. Bxa5 Kf5 40. Kd4 Bf6+ 41. Kd5
Ne3+ 42. Kc6 Nc4 43. Bb4 Ne5+ 44. Kd5 Ng4 45. a5 Nxh2 46. a6 Nf1 47. a7 Ne3+ 48.
Kc6 1-0

[Event "PRO League Group Stage"]
[Site "chess.com INT"]
[Date "2020.01.23"]
[Round "3"]
[White "Bai, Jinshi"]
[Black "Movsesian, Sergei"]
[Result "1/2-1/2"]
[WhiteTitle "GM"]
[BlackTitle "GM"]
[WhiteElo "2618"]
[BlackElo "2641"]
[WhiteTeam "China Pandas"]
[BlackTeam "Israel Counsellors"]
[WhiteFideId "8602280"]
[BlackFideId "310204"]
[EventDate "2020.01.06"]

1. Nf3 Nf6 2. g3 d5 3. Bg2 c6 4. O-O Bg4 5. d3 Nbd7 6. h3 Bh5 7. c4 e6 8. cxd5
exd5 9. Nc3 Bc5 10. Qb3 Bb6 11. Na4 O-O 12. Nxb6 axb6 13. Qc2 Re8 14. b3 Nc5 15.
Bb2 Bxf3 16. Bxf3 Ne6 17. Bg2 d4 18. a4 Qd7 19. Rae1 Nd5 20. Qc4 Ndc7 21. h4 b5
22. axb5 Nxb5 23. Ra1 Rad8 24. Bf3 Qd6 25. Kg2 Nc5 26. Qb4 Re5 27. Rfc1 h6 28.
Rc4 Ne6 29. Qxd6 Nxd6 30. Rb4 Rb5 31. Rxb5 Nxb5 32. Kf1 Nc5 33. b4 Nb3 34. Ra4
Nd2+ 35. Kg2 Kf8 36. Bc1 Nxf3 37. Kxf3 Ke7 38. g4 f6 39. h5 Ke6 40. Bd2 Re8 41.
Ra1 Kd5 42. Ra5 1/2-1/2

[Event "PRO League Group Stage"]
[Site "chess.com INT"]
[Date "2020.01.23"]
[Round "3"]
[White "Gopal, G.N."]
[Black "Gledura, Benjamin"]
[Result "1-0"]
[WhiteTitle "GM"]
[BlackTitle "GM"]
[WhiteElo "2593"]
[BlackElo "2626"]
[WhiteTeam "India Yogis"]
[BlackTeam "Hungary Hunters"]
[WhiteFideId "5015693"]
[BlackFideId "712779"]
[EventDate "2020.01.06"]

1. e4 c5 2. Nf3 Nc6 3. Bb5 g6 4. Bxc6 dxc6 5. d3 Bg7 6. h3 e5 7. O-O Qe7 8. a3
a5 9. Be3 Nf6 10. Nbd2 O-O 11. Nc4 Nd7 12. Qd2 a4 13. Bh6 f6 14. Nh2 b5 15. Bxg7
Kxg7 16. Ne3 Qd6 17. f4 exf4 18. Rxf4 Ne5 19. Raf1 Qd4 20. Qf2 Qxb2 21. Rxf6 Bf5
22. Rxf8 Rxf8 23. exf5 b4 24. f6+ Kg8 25. Nhg4 Nf7 26. Nc4 Qc3 27. Qxc5 b3 28.
cxb3 axb3 29. Qe7 1-0

[Event "PRO League Group Stage"]
[Site "chess.com INT"]
[Date "2020.01.23"]
[Round "3"]
[White "Aravindh, Chithambaram VR."]
[Black "Banusz, Tamas"]
[Result "1/2-1/2"]
[WhiteTitle "GM"]
[BlackTitle "GM"]
[WhiteElo "2630"]
[BlackElo "2620"]
[WhiteTeam "India Yogis"]
[BlackTeam "Hungary Hunters"]
[WhiteFideId "5072786"]
[BlackFideId "722413"]
[EventDate "2020.01.06"]

1. e4 e5 2. Bc4 Nf6 3. d3 Nc6 4. Nc3 Na5 5. Bb3 Bb4 6. Nf3 Nxb3 7. axb3 O-O 8.
O-O Re8 9. Bg5 Bxc3 10. bxc3 h6 11. Bh4 d6 12. h3 Qe7 13. d4 Kh7 14. Qd3 Rg8 15.
dxe5 dxe5 16. Bg3 Nd7 17. Rfd1 f6 18. Nd2 Nc5 19. Qe2 Be6 20. f3 a6 21. Nf1 Rgd8
22. Bf2 Nd7 23. g4 Nf8 24. Ne3 Rxd1+ 25. Rxd1 Rd8 26. Nd5 Qf7 27. c4 Ng6 28. Bg3
c6 29. Ne3 Rd7 30. Kf2 Qe7 31. Rxd7 Qxd7 32. Qd3 Qe7 33. Nf5 Qc5+ 34. Qe3 Qa3
35. h4 Qb2 36. Qd2 a5 37. h5 Bxf5 38. exf5 Nf4 39. Bxf4 exf4 40. Kg2 b5 41. cxb5
cxb5 42. Kh3 a4 43. bxa4 bxa4 44. Qd7 Qxc2 45. Qe8 Qb3 46. Qg6+ Kh8 47. Qe8+ Kh7
48. Qg6+ Kh8 49. Qe8+ Kh7 1/2-1/2

[Event "PRO League Group Stage"]
[Site "chess.com INT"]
[Date "2020.01.23"]
[Round "3"]
[White "Erdos, Viktor"]
[Black "Gupta, Abhijeet"]
[Result "1/2-1/2"]
[WhiteTitle "GM"]
[BlackTitle "GM"]
[WhiteElo "2621"]
[BlackElo "2603"]
[WhiteTeam "Hungary Hunters"]
[BlackTeam "India Yogis"]
[WhiteFideId "719978"]
[BlackFideId "5010608"]
[EventDate "2020.01.06"]

1. Nf3 Nf6 2. c4 g6 3. Nc3 Bg7 4. g3 O-O 5. Bg2 Nc6 6. O-O d5 7. cxd5 Nxd5 8. d4
e5 9. Bg5 Nxc3 10. bxc3 f6 11. Bc1 e4 12. Nd2 f5 13. e3 Be6 14. c4 Nb4 15. Ba3
a5 16. Rb1 c5 17. dxc5 Bc3 18. Nb3 Qxd1 19. Rfxd1 Rfc8 20. Rdc1 Bg7 21. Nd4 Bf7
22. Bxb4 axb4 23. Rxb4 Rxc5 24. a4 Bf8 25. Rxb7 Rxa4 26. Bf1 Bxc4 27. Rb8 Kf7
28. Rb7+ Kg8 29. Rb8 Kf7 30. h4 Bd6 31. Rb7+ Kg8 32. h5 Bd5 33. Rb8+ Kg7 34.
Rxc5 Bxc5 35. Rb5 Bxd4 36. Rxd5 Bc3 37. Rd7+ Kh6 38. hxg6 hxg6 39. Be2 Ra1+ 40.
Kg2 Ra2 41. Kf1 Ra1+ 42. Kg2 Ra2 43. Kf1 Ra1+ 44. Kg2 1/2-1/2

[Event "PRO League Group Stage"]
[Site "chess.com INT"]
[Date "2020.01.23"]
[Round "3"]
[White "Markus, Robert"]
[Black "Sethuraman, S.P."]
[Result "1/2-1/2"]
[WhiteTitle "GM"]
[BlackTitle "GM"]
[WhiteElo "2599"]
[BlackElo "2638"]
[WhiteTeam "Hungary Hunters"]
[BlackTeam "India Yogis"]
[WhiteFideId "921637"]
[BlackFideId "5021596"]
[EventDate "2020.01.06"]

1. Nf3 d5 2. g3 Nf6 3. Bg2 c5 4. O-O g6 5. d3 Bg7 6. Nbd2 Nc6 7. e4 O-O 8. c3 e5
9. Re1 d4 10. Nc4 Re8 11. a4 Qc7 12. Bd2 Be6 13. cxd4 cxd4 14. Rc1 Nd7 15. b4
Qb8 16. b5 Nd8 17. Ng5 Bxc4 18. Rxc4 h6 19. Nf3 Ne6 20. h4 Nb6 21. Rc1 Qd6 22.
Bh3 Rac8 23. a5 Nd7 24. Qe2 b6 25. axb6 axb6 26. Qf1 Ndc5 27. Bb4 Qd7 28. Bxc5
Rxc5 29. Rxc5 bxc5 30. Rb1 Rb8 31. Nd2 Rxb5 32. Bxe6 fxe6 33. Nc4 Rb4 34. Ra1
Kh7 35. Qd1 Qf7 36. Kg2 Bf6 37. Ra6 Bg7 38. Qa1 Rb8 39. Ra7 Qf6 40. Qd1 Rf8 41.
Qe2 Rf7 42. Ra8 Rf8 43. Ra5 Qe7 44. Qa2 Qf6 45. Qe2 Qe7 46. Nd2 Qc7 47. Ra2 Qb7
48. Nc4 Ra8 49. Rb2 Qf7 50. Rb5 Qe7 51. Rb6 Rf8 52. Ra6 Qf7 53. Nd2 Re8 54. Rc6
Qf8 55. Qg4 Qe7 56. Nc4 Bf6 57. Nd6 Rd8 58. Nb5 h5 59. Qxe6 Qxe6 60. Rxe6 Bg7
61. Nd6 Rb8 62. Re7 Kg8 63. Re8+ Rxe8 64. Nxe8 Bf8 65. Nf6+ Kf7 66. Nd5 Ke6 67.
Kf3 Bh6 68. Ke2 g5 69. hxg5 Bxg5 70. Kd1 h4 71. gxh4 Bxh4 72. f3 Kd6 73. Kc2 Bg5
74. Kb3 Kc6 75. Kc4 Bh4 76. f4 exf4 77. Nxf4 Be7 78. e5 Bg5 79. Ng6 Bd8 80. Nf8
Bc7 81. Ne6 Bxe5 82. Nxc5 Bh8 83. Ne6 Kd6 84. Nxd4 Bf6 85. Nf5+ 1/2-1/2

[Event "PRO League Group Stage"]
[Site "chess.com INT"]
[Date "2020.01.23"]
[Round "3"]
[White "Gokerkan, Cem Kaan"]
[Black "Le, Tuan Minh"]
[Result "0-1"]
[WhiteTitle "IM"]
[BlackTitle "IM"]
[WhiteElo "2458"]
[BlackElo "2501"]
[WhiteTeam "Turkey Knights"]
[BlackTeam "Croatia Bulldogs"]
[WhiteFideId "6336760"]
[BlackFideId "12401153"]
[EventDate "2020.01.06"]

1. e4 c5 2. Nf3 Nf6 3. e5 Nd5 4. Nc3 e6 5. Nxd5 exd5 6. d4 Nc6 7. dxc5 Bxc5 8.
Qxd5 d6 9. Be3 Be6 10. Qd2 Bxe3 11. Qxe3 dxe5 12. Bd3 O-O 13. O-O f6 14. Rfd1
Qe7 15. Be4 Rfd8 16. a3 Rac8 17. h3 Bf7 18. b4 b6 19. Rac1 b5 20. Rxd8+ Qxd8 21.
Qd3 Qxd3 22. cxd3 Ne7 23. Rxc8+ Nxc8 24. d4 Nd6 25. Bc6 e4 26. Nd2 f5 27. g4 g6
28. Kg2 Kg7 29. Kg3 Kf6 30. gxf5 Nxf5+ 31. Kf4 Nxd4 32. Bxe4 g5+ 33. Ke3 Nf5+
34. Kd3 Be6 35. Nf3 h5 36. Bc6 Nd6 37. h4 gxh4 38. Nxh4 Kg5 39. Nf3+ Kf4 40. Kd4
Nc4 41. Ne1 Nxa3 42. Ng2+ Kf5 43. Kc5 Ke5 44. Be8 Bg4 45. Ne3 Bf3 46. Bd7 h4 47.
Ng4+ Kf4 48. Nf6 Bg2 49. Nd5+ Bxd5 50. Kxd5 Kf3 51. Ke5 Kxf2 52. Kf4 Ke2 53. Ke4
Kd2 54. Kd4 Kc2 55. Kc5 Kb3 56. Be6+ Ka4 57. Bh3 Nc2 58. Bd7 a6 59. Bc8 Nxb4 60.
Bd7 Ka5 61. Bc8 Nc2 62. Bf5 Ne3 63. Bh3 Nd1 64. Bg4 Nf2 65. Bf5 h3 0-1

[Event "PRO League Group Stage"]
[Site "chess.com INT"]
[Date "2020.01.23"]
[Round "3"]
[White "Rambaldi, Francesco"]
[Black "Livaic, Leon"]
[Result "1/2-1/2"]
[WhiteTitle "GM"]
[BlackTitle "IM"]
[WhiteElo "2570"]
[BlackElo "2495"]
[WhiteTeam "Turkey Knights"]
[BlackTeam "Croatia Bulldogs"]
[WhiteFideId "20657307"]
[BlackFideId "14531534"]
[EventDate "2020.01.06"]

1. Nf3 d5 2. g3 Nf6 3. Bg2 e6 4. c4 Be7 5. d4 O-O 6. Nc3 dxc4 7. Ne5 c5 8. dxc5
Qxd1+ 9. Nxd1 Bxc5 10. Nxc4 Nbd7 11. Nc3 Nb6 12. Be3 Bxe3 13. Nxe3 Rb8 14. O-O-O
Bd7 15. Rd6 Rfc8 16. Rhd1 Kf8 17. Kb1 Ke7 18. f4 Rc7 19. g4 Bc6 20. Bxc6 bxc6
21. R6d3 Nfd5 22. Nexd5+ cxd5 23. e4 dxe4 24. Nxe4 Nd5 25. f5 Rb4 26. Rd4 Rcc4
27. Rxc4 Rxc4 28. Re1 Nf6 29. Nxf6 Kxf6 30. fxe6 fxe6 31. h3 Rf4 32. Re3 e5 33.
Ra3 e4 34. Kc1 Rf2 35. Ra5 e3 36. Kd1 Rxb2 37. Rxa7 Rh2 38. Ra6+ Ke5 39. Ra7 Kf6
40. Ra6+ Ke5 41. Ra7 Rxh3 42. Rxg7 Kf4 43. Rf7+ Kxg4 44. Ke2 h5 45. a4 h4 46. a5
Rh2+ 47. Kxe3 Ra2 48. Rg7+ Kh3 49. Rg5 Kh2 50. Kf3 h3 51. Rh5 Ra3+ 52. Kf2 Ra2+
53. Kf3 Ra1 54. Kf2 Ra3 55. Rf5 Kh1 56. Rh5 h2 57. Rf5 Ra2+ 58. Kf1 Rf2+ 59.
Kxf2 1/2-1/2

[Event "PRO League Group Stage"]
[Site "chess.com INT"]
[Date "2020.01.23"]
[Round "3"]
[White "Plenca, Jadranko"]
[Black "Dastan, Muhammed Batuhan"]
[Result "0-1"]
[WhiteTitle "IM"]
[BlackTitle "GM"]
[WhiteElo "2463"]
[BlackElo "2572"]
[WhiteTeam "Croatia Bulldogs"]
[BlackTeam "Turkey Knights"]
[WhiteFideId "14527146"]
[BlackFideId "6300014"]
[EventDate "2020.01.06"]

1. e4 c5 2. Nc3 d6 3. d4 cxd4 4. Qxd4 Nc6 5. Qd2 g6 6. f4 Bg7 7. Bd3 Nf6 8. b3
O-O 9. Bb2 Nd7 10. Nf3 Nc5 11. O-O Bg4 12. Rab1 Rc8 13. Nd5 Bxb2 14. Rxb2 e6 15.
Ne3 Bxf3 16. Rxf3 Qf6 17. Rb1 Qd4 18. Kh1 Nxe4 19. Qe1 Nf6 20. Rd1 Qc5 21. Qh4
Kg7 22. Rh3 h5 23. Rg3 Nb4 24. f5 Nxd3 25. Rxd3 exf5 26. Qg5 Rce8 27. h3 Ne4 28.
Nxf5+ Kg8 29. Qxh5 Nxg3+ 0-1

[Event "PRO League Group Stage"]
[Site "chess.com INT"]
[Date "2020.01.23"]
[Round "3"]
[White "Tica, Sven"]
[Black "Ipatov, Alexander"]
[Result "0-1"]
[WhiteTitle "IM"]
[BlackTitle "GM"]
[WhiteElo "2398"]
[BlackElo "2631"]
[WhiteTeam "Croatia Bulldogs"]
[BlackTeam "Turkey Knights"]
[WhiteFideId "14526948"]
[BlackFideId "14116731"]
[EventDate "2020.01.06"]

1. d4 g6 2. g3 Bg7 3. Bg2 d5 4. Nf3 Nh6 5. O-O Nf5 6. c3 O-O 7. Nbd2 Nd6 8. Ne5
c6 9. e4 Be6 10. Re1 Nd7 11. exd5 Bxd5 12. Ndf3 Nxe5 13. Nxe5 Bxg2 14. Kxg2 e6
15. Qf3 Nf5 16. Nd3 Qd5 17. Bf4 Rfd8 18. Bc7 Rdc8 19. Be5 b6 20. Bxg7 Kxg7 21.
Re5 Qxf3+ 22. Kxf3 Rd8 23. Nf4 a5 24. a4 Nd6 25. b3 Rac8 26. Rd1 Nf5 27. Ree1
Rd7 28. Nd3 Rd5 29. Nf4 Rd6 30. g4 Ne7 31. c4 Rcd8 32. Re4 Kf8 33. Ke2 c5 34.
Ke3 g5 35. Ne2 Nc6 36. d5 f5 37. dxc6 fxe4 38. Rxd6 Rxd6 39. Nc3 Rxc6 40. Nxe4
h6 41. f4 gxf4+ 42. Kxf4 Rc8 43. Ke5 Ke7 44. h4 Rf8 45. h5 Rf3 0-1

[Event "PRO League Group Stage"]
[Site "chess.com INT"]
[Date "2020.01.23"]
[Round "3"]
[White "Wang, Yue"]
[Black "Steinberg, Nitzan"]
[Result "0-1"]
[WhiteTitle "GM"]
[BlackTitle "GM"]
[WhiteElo "2669"]
[BlackElo "2542"]
[WhiteTeam "China Pandas"]
[BlackTeam "Israel Counsellors"]
[WhiteFideId "8601429"]
[BlackFideId "2801795"]
[EventDate "2020.01.06"]

1. Nf3 d5 2. g3 g6 3. Bg2 Bg7 4. O-O e5 5. d3 Ne7 6. e4 Nbc6 7. c3 a5 8. a4 O-O
9. Na3 h6 10. exd5 Nxd5 11. Re1 Bg4 12. Qb3 Nb6 13. Qc2 Qd7 14. Be3 Nd5 15. Nc4
Rfe8 16. Nfd2 Rad8 17. Bc5 Bh3 18. Rad1 Bxg2 19. Kxg2 b6 20. Be3 f5 21. Nf3 g5
22. Bc1 Qf7 23. Ne3 Nde7 24. h3 Ng6 25. Nd2 Rf8 26. Qb3 Rxd3 27. Qxf7+ Rxf7 28.
Ndc4 Rxd1 29. Rxd1 e4 30. Rd5 Nge5 31. Nxe5 Nxe5 32. Bd2 f4 33. gxf4 gxf4 34.
Rd8+ Kh7 35. Nd5 Nd3 36. b4 Be5 37. Kf1 f3 38. Be3 Rg7 39. bxa5 bxa5 40. Bd4 Rg2
41. Bxe5 Rxf2+ 42. Kg1 Rg2+ 43. Kf1 Nxe5 44. Nf6+ Kg6 45. Nxe4 Kf5 46. Nf2 Rg6
47. Rd5 Kf4 48. Rxa5 Rc6 49. Rd5 Rxc3 50. Rd4+ Kf5 51. Ng4 Nd3 52. Kg1 h5 53.
Rc4 Ra3 54. Ne3+ Ke5 55. Rxc7 Rxa4 56. Re7+ Kf4 57. Nd5+ Kg3 58. Rg7+ Kxh3 59.
Kh1 Ra1+ 60. Rg1 Nf2# 0-1

[Event "PRO League Group Stage"]
[Site "chess.com INT"]
[Date "2020.01.23"]
[Round "3"]
[White "Movsesian, Sergei"]
[Black "Zhao, Jun"]
[Result "1/2-1/2"]
[WhiteTitle "GM"]
[BlackTitle "GM"]
[WhiteElo "2641"]
[BlackElo "2638"]
[WhiteTeam "Israel Counsellors"]
[BlackTeam "China Pandas"]
[WhiteFideId "310204"]
[BlackFideId "8602522"]
[EventDate "2020.01.06"]

1. e4 e6 2. d4 d5 3. e5 c5 4. c3 Qb6 5. Nf3 Nc6 6. Be2 cxd4 7. cxd4 Nge7 8. Na3
Nf5 9. Nc2 Be7 10. h4 h5 11. g3 Bd7 12. O-O Rc8 13. Kg2 Nb4 14. Nxb4 Bxb4 15. a3
Be7 16. a4 g6 17. a5 Qb4 18. Bd2 Qxb2 19. Rb1 Qa3 20. Rxb7 Ba4 21. Qa1 Bc2 22.
Rxe7+ Qxe7 23. Bb5+ Kf8 24. Qb2 Qb7 25. Rc1 Be4 26. a6 Qb8 27. Rxc8+ Qxc8 28.
Bg5 Kg8 29. Bf6 Kh7 30. Bd3 Bxf3+ 31. Kxf3 Rf8 32. Kg2 Qb8 33. Qa3 Nxd4 34.
Bxg6+ Kg8 35. Qd3 Nf5 36. Bxf5 exf5 37. Qe3 f4 38. Qxf4 Qb1 39. Kh2 Rc8 40. e6
Rc1 41. Qg5+ Qg6 42. exf7+ Kxf7 43. Qxc1 Qxf6 44. Qc7+ Kg6 45. Qxa7 d4 46. Kg2
Qc6+ 47. Kh2 Qf6 48. Kg1 d3 49. Qd7 Qa1+ 50. Kh2 Qxa6 51. Qe8+ Kh6 52. Qe3+ Kh7
53. Qg5 Qg6 54. Qe7+ Qg7 55. Qe3 Qd7 56. Qe4+ Kg7 57. Qe5+ Kf8 58. Qxh5 d2 59.
Qd1 Qd4 60. Kg1 Qc3 61. Kf1 Qd3+ 62. Kg2 Qd5+ 63. Kg1 Qd3 64. h5 Qc3 65. Kf1
Qc4+ 66. Kg2 Qc1 67. Qf3+ Ke7 68. Qe4+ Kd6 69. Qf4+ Kc5 70. Qe5+ Kc4 71. Qe4+
Kc3 72. Qc6+ Kd3 73. Qd5+ Kc2 74. Qc4+ Kb2 75. Qb4+ Kc2 76. Qc4+ Kb2 77. Qb4+
Kc2 78. Qc4+ 1/2-1/2

[Event "PRO League Group Stage"]
[Site "chess.com INT"]
[Date "2020.01.23"]
[Round "3"]
[White "Rodshtein, Maxim"]
[Black "Bai, Jinshi"]
[Result "0-1"]
[WhiteTitle "GM"]
[BlackTitle "GM"]
[WhiteElo "2628"]
[BlackElo "2618"]
[WhiteTeam "Israel Counsellors"]
[BlackTeam "China Pandas"]
[WhiteFideId "2806851"]
[BlackFideId "8602280"]
[EventDate "2020.01.06"]

1. c4 c6 2. Nf3 d5 3. e3 Nf6 4. d4 g6 5. Nbd2 Bg7 6. b4 O-O 7. Bb2 Bf5 8. a4
Nbd7 9. Be2 Ne4 10. O-O Re8 11. Nb3 dxc4 12. Bxc4 Nb6 13. Bd3 Nd5 14. Ba3 Nec3
15. Qc2 Bxd3 16. Qxd3 Nxa4 17. e4 Nc7 18. Bc1 Nb6 19. Nc5 Qc8 20. Be3 Nd7 21.
Rab1 b6 22. Na4 Qa6 23. Qb3 e6 24. Rfc1 Qb7 25. Nc3 Rac8 26. e5 f5 27. exf6 Nxf6
28. Bf4 Ncd5 29. Be5 Nxc3 30. Rxc3 Nd5 31. Rc2 Bf8 32. Ng5 Bxb4 33. h4 Be7 34.
Ne4 Rf8 35. Qh3 Qd7 36. Rb3 Rf5 37. Ng3 Nf4 38. Qg4 h5 39. Qd1 Rxe5 0-1

[Event "PRO League Group Stage"]
[Site "chess.com INT"]
[Date "2020.01.23"]
[Round "3"]
[White "Le, Tuan Minh"]
[Black "Rambaldi, Francesco"]
[Result "1/2-1/2"]
[WhiteTitle "IM"]
[BlackTitle "GM"]
[WhiteElo "2501"]
[BlackElo "2570"]
[WhiteTeam "Croatia Bulldogs"]
[BlackTeam "Turkey Knights"]
[WhiteFideId "12401153"]
[BlackFideId "20657307"]
[EventDate "2020.01.06"]

1. d4 Nf6 2. Nf3 d5 3. Bf4 e6 4. e3 Bd6 5. Bg3 O-O 6. Nbd2 b6 7. Bd3 Bb7 8. O-O
Nbd7 9. a4 a6 10. Ne5 Ne4 11. Nxd7 Qxd7 12. c3 f5 13. Bxd6 cxd6 14. f3 Nxd2 15.
Qxd2 a5 16. Rfe1 Bc6 17. Bc2 Rae8 18. f4 Kh8 19. Red1 Rg8 20. b4 Ra8 21. Rdb1
Rgb8 22. bxa5 bxa5 23. Qd1 Qc7 24. h3 Bd7 25. Qd2 Rxb1+ 26. Rxb1 Rc8 27. Bd1 Kg8
28. Rc1 Qc4 29. Qc2 e5 30. fxe5 dxe5 31. dxe5 Qc7 32. Qd2 Qxe5 33. c4 Re8 34.
cxd5 Qxe3+ 35. Qxe3 Rxe3 36. Kf2 Rd3 37. Bf3 Kf8 38. Rc5 Rd4 39. Rxa5 Rxa4 40.
Rxa4 Bxa4 41. Ke3 Ke7 42. h4 g6 43. g3 h6 44. Kd4 Kd6 45. Be2 Bc2 46. Bf3 Bb1
47. Bg2 Ba2 48. Bf3 Bb3 49. Bg2 Bd1 50. Bh1 Bb3 51. Bf3 Ba2 52. Bg2 Bb1 53. Bf3
Bc2 54. Bg2 Bd1 55. Bh1 g5 56. hxg5 hxg5 57. Bg2 f4 58. gxf4 gxf4 59. Ke4 f3 60.
Bxf3 Bxf3+ 61. Kxf3 Kxd5 1/2-1/2

[Event "PRO League Group Stage"]
[Site "chess.com INT"]
[Date "2020.01.23"]
[Round "3"]
[White "Livaic, Leon"]
[Black "Gokerkan, Cem Kaan"]
[Result "1-0"]
[WhiteTitle "IM"]
[BlackTitle "IM"]
[WhiteElo "2495"]
[BlackElo "2458"]
[WhiteTeam "Croatia Bulldogs"]
[BlackTeam "Turkey Knights"]
[WhiteFideId "14531534"]
[BlackFideId "6336760"]
[EventDate "2020.01.06"]

1. d4 Nf6 2. c4 g6 3. Nc3 Bg7 4. e4 O-O 5. f3 c6 6. Be3 a6 7. Qd2 b5 8. O-O-O
bxc4 9. Bh6 Bh8 10. Bxf8 Kxf8 11. e5 Nd5 12. Bxc4 Nxc3 13. Qxc3 d6 14. f4 Nd7
15. Nf3 Nb6 16. Bb3 a5 17. Ng5 d5 18. e6 fxe6 19. Qh3 h5 20. Qd3 Qe8 21. Rhe1 a4
22. Bc2 Nc4 23. Nxe6+ Bxe6 24. Rxe6 Bf6 25. Qxg6 Qxg6 26. Bxg6 Rb8 27. Re2 c5
28. dxc5 Bxb2+ 29. Kc2 d4 30. Kd3 Ne3 31. Rxe3 dxe3 32. Kxe3 Rc8 33. Rd5 Ba3 34.
Rxh5 Bxc5+ 35. Kf3 Kg7 36. Bc2 a3 37. Rh7+ Kg8 38. Rh3 Bd6 39. Bb3+ Kg7 40. Rg3+
Kf6 41. Rg5 Rc3+ 42. Kg4 Bb4 43. Rf5+ Kg6 44. Rb5 Rxb3 45. axb3 Bc3 46. Rb6+ Kf7
47. Ra6 Bb2 48. h4 1-0

[Event "PRO League Group Stage"]
[Site "chess.com INT"]
[Date "2020.01.23"]
[Round "3"]
[White "Ipatov, Alexander"]
[Black "Plenca, Jadranko"]
[Result "0-1"]
[WhiteTitle "GM"]
[BlackTitle "IM"]
[WhiteElo "2631"]
[BlackElo "2463"]
[WhiteTeam "Turkey Knights"]
[BlackTeam "Croatia Bulldogs"]
[WhiteFideId "14116731"]
[BlackFideId "14527146"]
[EventDate "2020.01.06"]

1. d4 d5 2. c4 e6 3. Nf3 Nf6 4. Nc3 a6 5. Bg5 dxc4 6. a4 Nc6 7. e3 Na5 8. Ne5
Bb4 9. Nxc4 Qd5 10. Bxf6 Nxc4 11. Bxc4 Qxc4 12. Bxg7 Rg8 13. Be5 Bd7 14. Bg3 Bc6
15. f3 h5 16. Kf2 Be7 17. Qe2 Qxe2+ 18. Nxe2 O-O-O 19. h4 Rg7 20. Be5 f6 21. Bf4
e5 22. dxe5 Rd2 23. b4 fxe5 24. Bxe5 Rxg2+ 25. Kxg2 Rxe2+ 26. Kg3 Rxe3 27. Rhe1
Rxf3+ 28. Kh2 Bxb4 29. Rf1 Re3 30. Bf4 Re2+ 31. Kg3 Rg2+ 32. Kh3 Rg4 33. Bg3 Bd6
34. Bxd6 Bg2+ 35. Kh2 Bxf1 36. Bxc7 Kxc7 0-1

[Event "PRO League Group Stage"]
[Site "chess.com INT"]
[Date "2020.01.23"]
[Round "3"]
[White "Dastan, Muhammed Batuhan"]
[Black "Tica, Sven"]
[Result "1/2-1/2"]
[WhiteTitle "GM"]
[BlackTitle "IM"]
[WhiteElo "2572"]
[BlackElo "2398"]
[WhiteTeam "Turkey Knights"]
[BlackTeam "Croatia Bulldogs"]
[WhiteFideId "6300014"]
[BlackFideId "14526948"]
[EventDate "2020.01.06"]

1. Nf3 d5 2. g3 Nf6 3. Bg2 e6 4. O-O Be7 5. d3 O-O 6. Nbd2 c5 7. e4 Nc6 8. e5
Nd7 9. Re1 b5 10. Nf1 Bb7 11. h4 Re8 12. h5 h6 13. N1h2 Nf8 14. Ng4 Nh7 15. Bf4
a5 16. Qd2 b4 17. c4 Nd4 18. Nxd4 cxd4 19. Rac1 Rc8 20. b3 Qd7 21. Rcd1 Red8 22.
Qb2 Bc5 23. Qc1 Bf8 24. Qd2 a4 25. Kh2 axb3 26. axb3 dxc4 27. dxc4 Ra8 28. Qd3
Bxg2 29. Kxg2 Ra2 30. Re4 Qc6 31. Kg1 Ng5 32. Bxg5 hxg5 33. h6 Bc5 34. hxg7 Kxg7
35. Qf3 Be7 36. Nf6 Rh8 37. Kg2 d3 38. Rxd3 Bc5 39. Ng4 Be7 40. Red4 Qxf3+ 41.
Rxf3 Rd8 42. Rxd8 Bxd8 43. Rd3 Be7 44. Rd7 Bc5 45. Rc7 Bd4 46. Rb7 Bc5 47. Rb5
Be7 48. c5 Rb2 49. c6 Rc2 50. Rb7 Bd8 51. Rd7 Bb6 52. Rd6 Bc7 53. Rd4 Rxc6 54.
Rxb4 Kg6 55. Rb5 Kf5 56. Kf3 Rc3+ 57. Ne3+ Kg6 58. Ke4 f5+ 59. exf6 Kxf6 60.
Ng4+ Ke7 61. Ne3 Kf6 62. Ng4+ Ke7 63. b4 Rc4+ 64. Kf3 Bd6 65. Rb7+ Kd8 66. b5
Rb4 67. Nf6 Be5 68. Ne4 g4+ 69. Ke3 Bd4+ 70. Kd3 e5 71. Rg7 Rxb5 72. Rxg4 Rb2
73. f4 exf4 74. Kxd4 fxg3 75. Rxg3 Rb1 76. Ke5 Kc7 77. Rg6 Rb5+ 78. Kd4 Rb1 79.
Kd5 Rd1+ 80. Kc4 Rc1+ 81. Nc3 Kd7 82. Kd4 Rf1 83. Ne4 Rd1+ 84. Ke5 Kc7 85. Nf6
Re1+ 86. Ne4 Rd1 87. Rg2 Rc1 88. Ra2 Re1 89. Rd2 Kc6 90. Rc2+ Kd7 91. Rc3 Re2
92. Kd5 Re1 93. Rd3 Ra1 94. Ke5+ Kc7 95. Rc3+ Kd7 96. Nf6+ Kd8 97. Nd5 Rh1 98.
Ke6 Re1+ 99. Kd6 Rd1 100. Rh3 Kc8 101. Rh7 Kb8 102. Rg7 Rd2 103. Kc6 Rc2+ 104.
Kb6 Rb2+ 105. Kc5 Rc2+ 106. Kd6 Rd2 107. Rg1 Kc8 108. Rc1+ Kb8 109. Rb1+ Kc8
110. Rb4 Rd1 111. Rb6 Rd2 112. Rb1 Rd3 113. Kc6 Rh3 114. Re1 Rh6+ 115. Kc5 Rh2
116. Re7 Kd8 117. Ra7 Rh1 118. Nf4 Ke8 119. Kd6 Re1 120. Ne6 Rd1+ 121. Ke5 Re1+
122. Kd5 Rd1+ 123. Nd4 Kf8 124. Ke5 Kg8 125. Nf5 1/2-1/2